00440 2200169 4500001002100000008004100021035002000062245003100082100001900113260003300132300002100165020002200186084001800208082001200226650001800238990001400256INLIS000000000000378 ind  a0010-0725000083 aAnimal FarmcGeorge Orwell aOrwell, George aYogyakarta :bBentang,c2025 a144 hlm.c21 cm. a978-602-291-282-8 a823.912 ORW a a823.912 aFiksi Inggris a000000430